| 000 | 00786nam a22001457a 4500 | ||
|---|---|---|---|
| 999 |
_c532862 _d532862 |
||
| 008 | 260327b ||||| |||| 00| 0 eng d | ||
| 100 |
_aChakrabarti, Shantanu _959857 |
||
| 245 | _aPoland and South Asia: Deepening engagement, | ||
| 260 | _aIndia Quarterly: A Journal of International Affairs | ||
| 300 | _a81(4), Dec, 2025: p.512-515 | ||
| 520 | _aRajendra K. Jain (Ed.), 2024, 488 pp., €129.99 (Hardback), Palgrave Macmillan. ISBN: 978-981-97-1020-1.- Reproduced https://journals.sagepub.com/doi/full/10.1177/09749284251368736?_gl=1*1agesko*_up*MQ..*_ga*MTQ5NDAyNDI3Mi4xNzc0NTkxNzY1*_ga_60R758KFDG*czE3NzQ1OTE3NjUkbzEkZzEkdDE3NzQ1OTE3OTMkajMyJGwwJGgyMTE5OTM5MTQz | ||
| 773 | _aIndia Quarterly: A Journal of International Affairs | ||
| 906 | _aBOOK REVIEW | ||
| 942 | _cAR | ||